Normal view
MARC view
- Degeneration
Entry Topical Term
001 - CONTROL NUMBER
- control field: 49244
003 - CONTROL NUMBER IDENTIFIER
- control field: NUST
005 - DATE AND TIME OF LATEST TRANSACTION
- control field: 20210314134305.0
008 - FIXED-LENGTH DATA ELEMENTS
- fixed length control field: 210314|| aca||aabn | a|a d
040 ## - CATALOGING SOURCE
- Original cataloging agency: NUST
- Transcribing agency: NUST
150 ## - HEADING--TOPICAL TERM
- Topical term or geographic name entry element: Degeneration
670 ## - SOURCE DATA FOUND
- Source citation: Work cat.: (NUST): Stoddard, Lothrop, 49243, The revolt against civilization :, 1984, c1922.
